El Código Civil. Su jurisprudencia e historia. Edición crítica, concordada, comentada y anotada.

Saved in:
Bibliographic Details
Corporate Author: Chile
Other Authors: Barrientos Grandón, Javier Orlando (autor)
Format: Book
Language:Spanish
Published: Santiago, Chile: Legal Publishing, Thomson Reuters; 2016.
Edition:Primera edición.
Series:Colección Fuentes.
Subjects:
Tags: Add Tag
No Tags, Be the first to tag this record!

MARC

LEADER 00000cam a2200000 a 4500
001 UCD4806
003 CL-VaPUC
005 20250424153806.0
008 160722e20160000cl |||||||||||||||||spa|d
999 |c 365638  |d 365636 
020 |a 978-956-346-815-1 (o.c.) 
020 |a 978-956-346-808-3 (t.I) 
020 |a 978-956-346-809-0 (t.II) 
040 |c Pontificia Universidad Católica de Valparaíso 
082 0 4 |a 346.83 CHI 2016   |2 21 
110 1 |a Chile  |9 890760 
245 1 3 |a El Código Civil. Su jurisprudencia e historia.  |b Edición crítica, concordada, comentada y anotada. 
250 |a Primera edición.  |b Actualizada al 20 de abril de 2016. 
260 |a Santiago, Chile:   |b Legal Publishing,  |b Thomson Reuters;  |c 2016. 
300 |a 2 Tomos.  
490 0 |a Colección Fuentes.  
500 |a c.2 Tomo I: Donación Familia Prof. Alejandro Guzmán Brito. c.2 Tomo II: Donación Familia Prof. Alejandro Guzmán Brito. 
505 |a Tomo I: -Código Civil. -Libro Primero. De las Personas. -Libro Segundo. De los Bienes, y de su Dominio, Posesión, Uso y Goce. Tomo II: -Libro Tercero. De la Sucesión por Causa de Muerte, y de las Donaciones entre Vivos. -Libro Cuarto. De las Obligaciones en General y de los Contratos. 
583 |a last modification  |c 20160722 23:21:00  |k Rodrigo Vera 
650 0 |a Código civil chileno  |9 255931 
650 0 |a Historia del derecho  |9 255109 
650 0 |a Fuentes del derecho   |9 255162 
700 |a Barrientos Grandón, Javier Orlando  |e autor  |9 890771 
942 |c BK  |2 ddc  |n 0 
945 |d 20160722 23:21:00  |a dcastane 
952 |0 0  |1 0  |2 ddc  |3 erb  |4 0  |6 346_830000000000000_CHI_2016  |7 0  |8 R  |9 479537  |a BIBDER  |b BIBDER  |h t.I  |i 529875K  |l 1  |o 346.83 CHI 2016  |p 529875K  |r 2023-07-10  |s 2023-07-10  |w 2019-11-24  |y BK_F  |z Catalogado en:20160722  |k DER 
952 |0 0  |1 0  |2 ddc  |3 erb  |4 0  |6 346_830000000000000_CHI_2016  |7 0  |8 R  |9 479538  |a BIBDER  |b BIBDER  |h t.II  |i 5298768  |l 2  |o 346.83 CHI 2016  |p 5298768  |r 2023-07-10  |s 2023-07-10  |w 2019-11-24  |y BK_F  |z Catalogado en:20160722  |k DER 
952 |0 0  |1 0  |2 ddc  |4 0  |6 346_830000000000000_CHI_2016  |7 1  |8 C_AGB  |9 581016  |a BIBDER  |b BIBDER  |d 2022-02-01  |e Donación   |h t.I   |i 5643627  |o 346.83 CHI 2016  |p 5643627  |r 2023-01-25  |t 2  |w 2022-02-01  |y BK_US  |k AGB 
952 |0 0  |1 0  |2 ddc  |4 0  |6 346_830000000000000_CHI_2016  |7 1  |8 C_AGB  |9 581017  |a BIBDER  |b BIBDER  |d 2022-02-01  |e Donación   |h t.II   |i 5643635  |o 346.83 CHI 2016  |p 5643635  |r 2023-01-25  |t 2  |w 2022-02-01  |y BK_US  |k AGB